| 000 | nam a22 7a 4500 | ||
|---|---|---|---|
| 999 |
_c7692 _d7692 |
||
| 005 | 20190715013310.0 | ||
| 008 | 190715b xxu||||| |||| 00| 0 eng d | ||
| 020 |
_a9780718022099 _bpaperback |
||
| 040 |
_beng _cAPEC Schools Library _erda |
||
| 082 |
_aC 153.85 _bM4511c 2002 |
||
| 100 | _aMaxwell, John C. | ||
| 245 |
_aThe Complete 101 collection / _cJohn C. Maxwell |
||
| 264 |
_aNashville, TN : _bThomas Nelson, _c©2002. |
||
| 300 | _a617 pages ; | ||
| 336 |
_2rdacontent _atext |
||
| 337 |
_2rdamedia _aunmediated |
||
| 338 |
_2rdacarrier _avolume |
||
| 942 |
_2ddc _cNFIC |
||